Days Of The Week In Arabic #1 - Statistics

General Stats
  • This quiz has been taken 39 times
  • The average score is 3 of 7
Answer Stats
English Arabic % Correct
Sunday الأحد/al'ahad
89%
Monday الاثنين/aliathnayn
67%
Saturday السبت/alsabt
67%
Wednesday الأربعاء/al'arbiea'
44%
Friday جمعة/jumea
33%
Thursday يوم الخميس/yawm alkhamis
22%
Tuesday يوم الثلاثاء/yawm althulatha'
22%
No matching quizzes found
Score Distribution
Percent of People with Each Score
Percentile by Number Answered
Your Score History
You have not taken this quiz